| 000 | 00458nam a22001697a 4500 | ||
|---|---|---|---|
| 003 | NUST - PNEC | ||
| 005 | 20170116181029.0 | ||
| 008 | 150907b xxu||||| |||| 00| 0 eng d | ||
| 020 | _a8121917794 | ||
| 040 | _cLIBRARY | ||
| 082 | _a621.535 SAR | ||
| 100 |
_910959 _aSarkar, Subir Kumar |
||
| 245 |
_aOperational amplifiers & their applications _cSubir Kumar Sarkar |
||
| 260 | _cc.1999 | ||
| 650 |
_98872 _aElectrical engineering _xEE |
||
| 942 |
_2ddc _cBK |
||
| 999 |
_c67658 _d67658 |
||